West Wing Episodes by description Quiz Stats

 Plays Quiz not verified by Sporcle

Challenge
Share
Tweet
Embed
Score 0/20 Timer 05:00
0 Plays Today
% Correct
The Debate
91.5%
Ellie
88.5%
California 47th
88.5%
20 Hours in America
86.4%
Gaza
86%
The Long Goodbye
85.5%
Tomorrow
83.3%
Access
80%
Han
78.8%
In the Shadow of Two Gunmen
73.1%
% Correct
Noel
72.9%
Ninety Miles Away
72.1%
In Excelsis Deo
64.6%
Requiem
63.1%
Dead Irish Writers
61.5%
What Kind of Day Has It Been?
54.8%
Shibboleth
51.1%
The Cold
40.9%
Benign Prerogative
40.8%
17 People
37.1%

You're not logged in!

Compare scores with friends on all Sporcle quizzes.
OR
Log In

You Might Also Like...

Show Comments

Extras

Created Jun 10, 2012ReportNominate
Tags:Clickable Quiz, West Wing

Top Quizzes Today


Score Distribution

Your Account Isn't Verified!

In order to create a playlist on Sporcle, you need to verify the email address you used during registration. Go to your Sporcle Settings to finish the process.

Report this User

Report this user for behavior that violates our Community Guidelines.

Details: